MDQL
is popping MORE tags! Check the
thread
!
Quizzes
Events
Quiz Creation
Community
Videos
Private Events
Remove Ads
Sign In
Join for FREE
Feedback
Dark Mode
Quiz Categories
Sports
Geography
Music
Movies
Television
Just For Fun
Miscellaneous
History
Literature
Language
Science
Gaming
Entertainment
Religion
Holiday
For Kids
Quiz Lab
Recent
Popular Today
Quiz Kudos Today
Editor Picks
Curator Picks
Quizzes by...
Day
Popularity
Type
Ratings
Length
Year
Community
Subscriptions
Recent Discussions
Orange Saloon
Badges
Playlists
Quests
Create
Leaderboards
Showdown
Live 5
Trivia Bingo
Activity
Puzzle Library
Sporcle Events
Private Events
Virtual Trivia
Globe League
Become a Host
Pub Owners
SporcleCon
Opinionation
Our Games
Videos
Blog
Mobile Apps
Partnerships
Remove Ads and Go Orange
Feedback
Geography
Country
Landmarks
City
State
Population
World
Capital
Continent
Flags
Europe
Africa
Asia
South America
North America
Oceania
Border
Canada
United Kingdom
Topography
United States
Geography
Country
Landmarks
City
State
Population
World
Capital
Continent
Flags
Europe
Africa
Asia
South America
North America
Oceania
Border
Canada
United Kingdom
Topography
United States
Random Quiz
Search Sporcle
×
Quiz Lab
Quiz Lab
Geography
Europe
Select answers by clicking on text or image buttons
Select answers by clicking on text or image buttons
Clickable
Best Score? Go Orange.
Administrative Divisions of Europe that Begin with B Stats
Can you pick the Administrative Divisions of Europe that Begin with B?
By
vanderbizzle2014
20m
57 Questions
152 Plays
152 Plays
152 Plays
Comments
Comments
Give Quiz Kudos
Give Quiz Kudos
-
- Ratings
hide this ad
Forced Order
Answers have to be entered in order
Answers have to be entered in order
Replay
Link that replays current quiz
Next Quiz
Link to next quiz in quiz playlist
You Got
0%
They Got
Avg Score
73%
Avg Friend Score
Upgrade to see
Score Distribution
Jump to the score distribution portion of the page
Score
0/57
Timer
20:00
0
Plays Today
% Correct
Federation of Bosnia and Herzegovina
96.1%
Baden-Wurttemberg
95.4%
Bavaria
95.4%
Berlin
95.4%
Brussels
94.1%
Brandenburg
94.1%
Bremen
93.4%
Bucharest
90.1%
Burgundy
89.5%
Basel-Landschaft
89.5%
Brittany
88.8%
Budapest
88.8%
Basel-Stadt
88.8%
Bratislava
88.2%
Braga
87.5%
Balearic Islands
86.8%
Burgenland
84.2%
Belgrade
84.2%
Bern
84.2%
Basilicata
82.9%
Basque Country
82.2%
Brest
81.6%
Bryansk
81.6%
Bashkortostan
78.3%
Braganca
77.6%
Bacs-Kiskun
76.3%
Bacau
76.3%
Balti
74.3%
Bar
74.3%
% Correct
Burgas
73.7%
Borgo Maggiore
73%
Brasov
71.7%
Belgorod
71.7%
Berat
69.7%
Brcko District
69.7%
Braila
69.1%
Bekes
68.4%
Balzers
67.1%
Bender
67.1%
Banska Bystrica
67.1%
Blekinge
67.1%
Buskerud
63.8%
Buzau
63.8%
Beja
61.8%
Bijelo Polje
60.5%
Bjelovar-Bilogora
59.9%
Botosani
59.9%
Blagoevgrad
58.6%
Baranya
57.2%
Brod-Posavina
53.9%
Budva
53.9%
Berane
52.6%
Bistrita-Nahaud
51.3%
Basarabeasca
50.7%
Borsod-Abauj-Zemplen
47.4%
Briceni
42.1%
Bihor
32.2%
Quiz Playlist
Details
Report
Send in Message
Add To Playlist
Clickable:
Select answers by clicking on text or image buttons
Forced Order:
Answers have to be entered in order
Quiz Source
Last Updated: Feb 16, 2017
Quiz Scoreboard
CHALLENGE
Sign Up to Join the Scoreboard
Show All
Scores
Hide
Comments
May contain spoilers
Recently Published
Colored Red Africa Blitz
by spor1
Geography
30s
Find the 'City' Movie
by crazypaving
Movies
60s
5x2 Blitz: Bands
by SL_Kpop136
Music
30s
More to Explore
Quiz From the Vault
Featured Blog Post
14 Easter Pick-up Lines to Find Eggs With
hide this ad
You Might Also Like...
Tags
Europe Quiz
Administrative
Begins With
Division
Letter B
region
Starts With
Today's Top Quizzes in Geography
Browse Geography
hide this ad
Today's Top Quizzes in Europe
Browse Europe
Top Contributed Quizzes in Geography
1
Countries of the World - No Outlines Minefield
2
Colored Red Europe Blitz I
3
Colored Red Africa Blitz II
4
Colored Red Europe Blitz II
5
Colored Red Europe Blitz III
6
Colored Red Africa Blitz III
7
Colored Red States Blitz I
8
Colored Red States Blitz II
9
Colored Red States Blitz III
10
Blind Secret Country CLXXXIX
Explore More
Trending Topics
Crossword
Kpop
NBA
Marvel
Anime
Disney
Harry Potter
Country
WWE
NFL
Puzzle
Pokémon
The Office
Soccer
Song
hide this ad
More By:
vanderbizzle2014
Quiz
Plays
Rating
Category
Featured
Created
300 Largest Cities in the World (Agglomerations)
6,663
4.88
Geography
Jul 22, 2019
Western Roman Provinces circa 400 CE
1,214
4.70
History
Jun 2, 2016
Monarchs of Europe: Germany and Italy
1,135
5.00
History
Mar 2, 2019
Eastern Roman Provinces circa 400 CE
1,105
4.86
History
Jun 2, 2016
Monarchs of Europe: British Isles
1,093
5.00
History
Feb 26, 2019
Go to Creator's Profile
Score Distribution
Quiz Creator Spotlight
vanderbizzle2014
Follow
Send a Message
Quizzes Created
-
Created Quiz Play Count
-
More By This Creator
Popular Quizzes Today
1
Find the 'City' Movie
2
Colored Red Africa Blitz
3
5x2 Blitz: Bands
4
Find the US States - No Outlines Minefield
5
The Countries of the World
6
Find the US States
7
9x9 Crossword: Cartoon Network
8
US States
More Geography Quizzes
States with the Letter E
Published
Trending Quizzes
Colored Red Europe Blitz I
Colored Red Africa Blitz II
Colored Red Africa Blitz III
Colored Red Europe Blitz III
Colored Red Europe Blitz II
Recently Updated
Champions League XIs: Real Madrid
pecheneg
Largest US Cities 1790-2010
pecheneg
Rides in Walt Disney World
pecheneg
Most Oscar Losses (Acting)
pecheneg
Beyoncé Albums
pecheneg
Leaping Animals
pecheneg
Reality TV Shows (A-Z)
bhenderson79
Rickey Henderson's Hall of Fame Teammates
pecheneg
Champions League XIs: Arsenal
pecheneg
Quick Pick: Celebrities in WWE's Hall of Fame
aduchscher
Trending Topics
Harry Potter
Marvel
Crossword
Kpop
Disney
NBA
Anime
NFL
WWE
Puzzle
Soccer
Song
The Office
Country
Pokémon
Your Account Isn't Verified!
In order to create a playlist on Sporcle, you need to verify the email address you used during registration. Go to your
Sporcle Settings
to finish the process.
Report this User
Report this user for behavior that violates our
Community Guidelines
.
Details:
Send Report
Go to the Sporcle.com Mobile Site →
Comments